載入...

قطوف لغوية

書目詳細資料
主要作者: عبد الفتاح المصري Misri, Abdul Fathah
格式: Printed Book
出版: Beirut: Dar ibnu Kaseer; 1987.
主題:
LEADER 00568nam a22001577a 4500
082 |a 492.75  |b MIS/Q 
100 |a عبد الفتاح المصري  |a Misri, Abdul Fathah 
245 |a قطوف لغوية  |c Quthoofu Llughaviya 
260 |a Beirut:  |b Dar ibnu Kaseer;  |c 1987. 
300 |a 331p. 
500 |a includes index 
650 |a Arabic Linguistic Studies 
650 |a دراسات لغوية عربية 
942 |c BK 
999 |c 299756  |d 299756 
952 |0 0  |1 0  |4 0  |6 492_750000000000000_MIS_Q  |7 0  |9 320029  |a ARA  |b ARA  |d 2020-09-24  |l 0  |o 492.75 MIS/Q  |p ARA1145  |r 2020-09-24  |w 2020-09-24  |y BK